JIBP synthesis

שמור ב:
מידע ביבליוגרפי
פורמט: ספר
שפה:Undetermined
יצא לאור: Tokyo University of Tokyo Press 1975
נושאים:
תגים: הוספת תג
אין תגיות, היה/י הראשונ/ה לתייג את הרשומה!
Thư viện lưu trữ: Trung tâm Học liệu Trường Đại học Cần Thơ
LEADER 00539nam a2200181Ia 4500
001 CTU_114789
008 210402s9999 xx 000 0 und d
082 |a 573.60952 
082 |b J61/Vol.2 
245 0 |a JIBP synthesis 
245 0 |c edited by S. Watanabe, S. Kondo, and E. Matsunaga. 
260 |a Tokyo 
260 |b University of Tokyo Press 
260 |c 1975 
650 |a Anthropometry,Ainu,Human population genetics 
650 |x Anthropometry 
650 |z Japan,Japan 
980 |a Trung tâm Học liệu Trường Đại học Cần Thơ